[Event "Bad Woerishofen op 17th"]
[Site "Bad Woerishofen"]
[Date "2001.??.??"]
[Round "4"]
[White "Tsikerdanos, Konstantinos"]
[Black "Sanna, Giuseppe"]
[Result "1-0"]
[WhiteElo "2000"]
[BlackElo "1620"]
[PlyCount "61"]
[EventDate "2001.03.15"]
[EventType "swiss"]
[EventRounds "9"]
[EventCountry "GER"]
[SourceTitle "CBM 081 Extra"]
[Source "ChessBase"]
[SourceDate "2001.05.06"]
[SourceVersion "1"]
[SourceVersionDate "2001.05.06"]
[SourceQuality "1"]

1. Nf3 Nf6 2. g3 b6 3. Bg2 Bb7 4. 0-0 e6 5. d3 d5 6. Nbd2 Bd6 7. Re1 0-0 8. e4 dxe4 9. dxe4 Be7 10. e5 Nd5 11. a3 c5 12. c4 Nc7 13. Qc2 Nc6 14. Ne4 Ne8 15. Bg5 Qc7 16. Rad1 Rd8 17. Rxd8 Bxd8 18. Bxd8 Qxd8 19. Rd1 Qe7 20. Nd6 Nxd6 21. exd6 Qf6 22. h4 Rd8 23. Ng5 g6 24. Qa4 Na5 25. Bxb7 Nxb7 26. Qc6 Na5 27. Qc7 Nxc4 28. Ne4 Qf3 29. Qxd8+ Kg7 30. Qf6+ Qxf6 31. Nxf6 1-0

[Event "Bad Woerishofen op 16th"]
[Site "Bad Woerishofen"]
[Date "2000.03.24"]
[Round "8"]
[White "Illig, Ursula"]
[Black "Sanna, Giuseppe"]
[Result "0-1"]
[WhiteElo "1750"]
[BlackElo "1615"]
[PlyCount "119"]
[EventDate "2000.03.??"]
[EventType "swiss"]
[EventRounds "9"]
[EventCountry "GER"]
[SourceTitle "CBM 075 Extra"]
[Source "ChessBase"]
[SourceDate "2000.05.11"]
[SourceVersion "2"]
[SourceVersionDate "2000.05.11"]
[SourceQuality "1"]

1. Nf3 Nf6 2. c4 e6 3. d4 d5 4. Bg5 Be7 5. Nc3 0-0 6. e3 h6 7. Bh4 b6 8. Bd3 Bb7 9. 0-0 Nbd7 10. h3 Rc8 11. Rc1 a6 12. cxd5 Nxd5 13. Bg3 Nxc3 14. Rxc3 Nf6 15. Rc1 c5 16. Qe2 b5 17. Rfd1 c4 18. Bb1 Ne4 19. Bh2 Qb6 20. Ne5 Rfd8 21. Qh5 Nd6 22. Bf4 Bf8 23. Nxf7 Nxf7 24. Qg6 Ng5 25. Bxg5 hxg5 26. Qh7+ Kf7 27. Qh5+ Ke7 28. Qxg5+ Kd7 29. d5 Kc7 30. dxe6 Bd6 31. Bf5 Re8 32. Qg4 Re7 33. b3 Kb8 34. bxc4 Rxc4 35. Rxc4 bxc4 36. Qxc4 Qc5 37. Qd3 Bc7 38. Rb1 Ka7 39. Re1 Qd5 40. Qd4+ Bb6 41. Qxd5 Bxd5 42. Rd1 Bxa2 43. h4 Bb3 44. Rd7+ Rxd7 45. exd7 a5 46. Bb1 a4 47. g4 a3 48. Kg2 a2 49. Bxa2 Bxa2 50. Kf3 Kb7 51. Ke4 Be6 52. g5 Kc7 53. f4 g6 54. d8Q+ Kxd8 55. Ke5 Ke7 56. Ke4 Bf5+ 57. Kf3 Bd7 58. Ke4 Ke6 59. Kf3 Bc6+ 60. e4 0-1

[Event "Bad Woerishofen op 16th"]
[Site "Bad Woerishofen"]
[Date "2000.03.21"]
[Round "5"]
[White "Sanna, Giuseppe"]
[Black "Dintheer, Willi"]
[Result "0-1"]
[WhiteElo "1615"]
[BlackElo "1800"]
[PlyCount "96"]
[EventDate "2000.03.??"]
[EventType "swiss"]
[EventRounds "9"]
[EventCountry "GER"]
[SourceTitle "CBM 075 Extra"]
[Source "ChessBase"]
[SourceDate "2000.05.11"]
[SourceVersion "2"]
[SourceVersionDate "2000.05.11"]
[SourceQuality "1"]

1. e4 e5 2. Nf3 Nc6 3. Bb5 a6 4. Ba4 Nf6 5. 0-0 Be7 6. Re1 b5 7. Bb3 0-0 8. c3 d5 9. exd5 Nxd5 10. Nxe5 Nxe5 11. Rxe5 c6 12. d4 Bd6 13. Re1 Qh4 14. g3 Qh3 15. Qf3 Bg4 16. Qg2 Qh5 17. Qf1 Rae8 18. Bd2 f5 19. Bc2 Bf3 20. h3 f4 21. g4 Qh4 22. Bb3 h5 23. gxh5 Qxh5 24. a4 Rxe1 25. Bxe1 Rf5 26. Nd2 Rg5+ 27. Kh2 Rg2+ 28. Qxg2 Bxg2 29. Kxg2 f3+ 30. Nxf3 Qg6+ 31. Kf1 Kh8 32. Bxd5 cxd5 33. axb5 axb5 34. Ne5 Bxe5 35. dxe5 Qd3+ 36. Kg1 Kh7 37. Ra6 Qe2 38. Ra1 Qxb2 39. Ra7 Qe2 40. Ra1 Kg6 41. f4 Qe3+ 42. Bf2 Qxc3 43. f5+ Kxf5 44. Re1 Ke6 45. Re3 Qb2 46. Be1 b4 47. Bg3 b3 48. Be1 Qd4 0-1

[Event "Bad Woerishofen op 16th"]
[Site "Bad Woerishofen"]
[Date "2000.03.20"]
[Round "4"]
[White "Schweitzer, Paul"]
[Black "Sanna, Giuseppe"]
[Result "0-1"]
[WhiteElo "1690"]
[BlackElo "1615"]
[PlyCount "142"]
[EventDate "2000.03.??"]
[EventType "swiss"]
[EventRounds "9"]
[EventCountry "GER"]
[SourceTitle "CBM 075 Extra"]
[Source "ChessBase"]
[SourceDate "2000.05.11"]
[SourceVersion "2"]
[SourceVersionDate "2000.05.11"]
[SourceQuality "1"]

1. Nf3 Nf6 2. g3 d5 3. Bg2 c6 4. d3 Bg4 5. Nbd2 e6 6. 0-0 Bd6 7. c4 0-0 8. Qb3 Qb6 9. e4 Qxb3 10. axb3 dxe4 11. Nxe4 Nxe4 12. dxe4 e5 13. Be3 Na6 14. Rfd1 Bc7 15. h3 Be6 16. Ne1 f6 17. f4 Rfd8 18. Rxd8+ Rxd8 19. f5 Bf7 20. Bf1 Bb6 21. Kf2 Nc5 22. Bxc5 Bxc5+ 23. Ke2 a6 24. Nd3 Bd4 25. Rc1 a5 26. Ra1 b6 27. g4 h5 28. Bg2 c5 29. Ra2 Kf8 30. Bf3 hxg4 31. hxg4 Ke7 32. Bg2 Rh8 33. Kf3 Ra8 34. Nc1 Be8 35. Ke2 Bc6 36. Kf3 Rd8 37. Bf1 Bg1 38. Ra1 Rd1 39. Be2 Rd2 40. Nd3 Bd4 41. Rb1 Bxe4+ 42. Kxe4 Rxe2+ 43. Kd5 Kd7 44. Rh1 Rg2 45. Rh4 Bg1 46. Ke4 Kd6 47. Kf3 Rh2 48. Rh5 Rxh5 49. gxh5 Bd4 50. Ke4 Kc6 51. Kf3 b5 52. Ke4 a4 53. cxb5+ Kxb5 54. bxa4+ Kxa4 55. Kd5 Kb3 56. Ke6 e4 57. Nc1+ Kxb2 58. Ne2 Be3 59. Kd5 Kc2 60. Kxe4 Kd2 61. Kf3 c4 62. Ng3 Bh6 63. Ne4+ Kc2 64. Ke2 c3 65. Nc5 Kb1 66. Na4 c2 67. Nc3+ Kb2 68. Nd1+ cxd1Q+ 69. Kxd1 Kc3 70. Ke2 Kd4 71. Kf3 Ke5 0-1